<?xml version="1.0" encoding="UTF-8"?>
<record
    xmlns:xsi="http://www.w3.org/2001/XMLSchema-instance"
    xsi:schemaLocation="http://www.loc.gov/MARC21/slim http://www.loc.gov/standards/marcxml/schema/MARC21slim.xsd"
    xmlns="http://www.loc.gov/MARC21/slim">

  <leader>00631nam a2200205Ia 4500</leader>
  <controlfield tag="005">20220211111543.0</controlfield>
  <controlfield tag="008">210716s2009    xx            000 0 und d</controlfield>
  <datafield tag="040" ind1=" " ind2=" ">
    <subfield code="c">AIMIT LIBRARY</subfield>
  </datafield>
  <datafield tag="041" ind1=" " ind2=" ">
    <subfield code="a">eng</subfield>
  </datafield>
  <datafield tag="082" ind1=" " ind2=" ">
    <subfield code="a">658.001 </subfield>
    <subfield code="2">5</subfield>
    <subfield code="b">MITD</subfield>
  </datafield>
  <datafield tag="100" ind1=" " ind2=" ">
    <subfield code="a">Mithani, D M.</subfield>
    <subfield code="9">19225</subfield>
  </datafield>
  <datafield tag="245" ind1=" " ind2=" ">
    <subfield code="a">Managerial economics:</subfield>
    <subfield code="b">theory and applications /</subfield>
    <subfield code="c">By D.M.Mithani</subfield>
  </datafield>
  <datafield tag="250" ind1=" " ind2=" ">
    <subfield code="a">5th ed.</subfield>
  </datafield>
  <datafield tag="260" ind1=" " ind2=" ">
    <subfield code="a">New Delhi :</subfield>
    <subfield code="b">Himalaya Publishing House ,</subfield>
    <subfield code="c">2009 .</subfield>
  </datafield>
  <datafield tag="300" ind1=" " ind2=" ">
    <subfield code="a">654p. ;</subfield>
    <subfield code="c">28cm.</subfield>
  </datafield>
  <datafield tag="650" ind1=" " ind2=" ">
    <subfield code="a">Production analysis </subfield>
    <subfield code="9">19226</subfield>
  </datafield>
  <datafield tag="650" ind1=" " ind2=" ">
    <subfield code="a">Oligopoly</subfield>
    <subfield code="9">19227</subfield>
  </datafield>
  <datafield tag="650" ind1=" " ind2=" ">
    <subfield code="a">Pricing Policy and Methods</subfield>
    <subfield code="9">19228</subfield>
  </datafield>
  <datafield tag="942" ind1=" " ind2=" ">
    <subfield code="2">ddc</subfield>
    <subfield code="c">BK</subfield>
    <subfield code="e">5th</subfield>
    <subfield code="k">658.001 MITD</subfield>
  </datafield>
  <datafield tag="999" ind1=" " ind2=" ">
    <subfield code="c">204332</subfield>
    <subfield code="d">204332</subfield>
  </datafield>
  <datafield tag="952" ind1=" " ind2=" ">
    <subfield code="0">0</subfield>
    <subfield code="1">0</subfield>
    <subfield code="2">ddc</subfield>
    <subfield code="4">0</subfield>
    <subfield code="7">0</subfield>
    <subfield code="8">MBA</subfield>
    <subfield code="a">AIMIT</subfield>
    <subfield code="b">AIMIT</subfield>
    <subfield code="d">2009-11-06</subfield>
    <subfield code="g">395.00</subfield>
    <subfield code="i">Bill no:A000185; Bill dt:2009-10</subfield>
    <subfield code="l">0</subfield>
    <subfield code="o">658.001 MITD</subfield>
    <subfield code="p">MBA06898</subfield>
    <subfield code="r">2026-05-23 00:00:00</subfield>
    <subfield code="v">296.25</subfield>
    <subfield code="w">2021-07-16</subfield>
    <subfield code="y">BK</subfield>
  </datafield>
  <datafield tag="952" ind1=" " ind2=" ">
    <subfield code="0">0</subfield>
    <subfield code="1">0</subfield>
    <subfield code="2">ddc</subfield>
    <subfield code="4">0</subfield>
    <subfield code="7">0</subfield>
    <subfield code="8">MBA</subfield>
    <subfield code="a">AIMIT</subfield>
    <subfield code="b">AIMIT</subfield>
    <subfield code="d">2009-11-06</subfield>
    <subfield code="g">395.00</subfield>
    <subfield code="i">Bill no:A000185; Bill dt:2009-10</subfield>
    <subfield code="l">0</subfield>
    <subfield code="o">658.001 MITD</subfield>
    <subfield code="p">MBA06899</subfield>
    <subfield code="r">2026-05-23 00:00:00</subfield>
    <subfield code="v">296.25</subfield>
    <subfield code="w">2021-07-16</subfield>
    <subfield code="y">BK</subfield>
  </datafield>
  <datafield tag="952" ind1=" " ind2=" ">
    <subfield code="0">0</subfield>
    <subfield code="1">0</subfield>
    <subfield code="2">ddc</subfield>
    <subfield code="4">0</subfield>
    <subfield code="7">0</subfield>
    <subfield code="8">MBA</subfield>
    <subfield code="a">AIMIT</subfield>
    <subfield code="b">AIMIT</subfield>
    <subfield code="d">2009-11-06</subfield>
    <subfield code="g">395.00</subfield>
    <subfield code="i">Bill no:A000185; Bill dt:2009-10</subfield>
    <subfield code="l">0</subfield>
    <subfield code="o">658.001 MITD</subfield>
    <subfield code="p">MBA06900</subfield>
    <subfield code="r">2026-05-23 00:00:00</subfield>
    <subfield code="v">296.25</subfield>
    <subfield code="w">2021-07-16</subfield>
    <subfield code="y">BK</subfield>
  </datafield>
  <datafield tag="952" ind1=" " ind2=" ">
    <subfield code="0">0</subfield>
    <subfield code="1">0</subfield>
    <subfield code="2">ddc</subfield>
    <subfield code="4">0</subfield>
    <subfield code="7">0</subfield>
    <subfield code="8">MBA</subfield>
    <subfield code="a">AIMIT</subfield>
    <subfield code="b">AIMIT</subfield>
    <subfield code="d">2009-11-06</subfield>
    <subfield code="g">395.00</subfield>
    <subfield code="i">Bill no:A000185; Bill dt:2009-10</subfield>
    <subfield code="l">0</subfield>
    <subfield code="o">658.001 MITD</subfield>
    <subfield code="p">MBA06901</subfield>
    <subfield code="r">2026-05-23 00:00:00</subfield>
    <subfield code="v">296.25</subfield>
    <subfield code="w">2021-07-16</subfield>
    <subfield code="y">BK</subfield>
  </datafield>
  <datafield tag="952" ind1=" " ind2=" ">
    <subfield code="0">0</subfield>
    <subfield code="1">0</subfield>
    <subfield code="2">ddc</subfield>
    <subfield code="4">0</subfield>
    <subfield code="7">0</subfield>
    <subfield code="8">MBA</subfield>
    <subfield code="a">AIMIT</subfield>
    <subfield code="b">AIMIT</subfield>
    <subfield code="d">2009-11-06</subfield>
    <subfield code="g">395.00</subfield>
    <subfield code="i">Bill no:A000185; Bill dt:2009-10</subfield>
    <subfield code="l">0</subfield>
    <subfield code="o">658.001 MITD</subfield>
    <subfield code="p">MBA06902</subfield>
    <subfield code="r">2026-05-23 00:00:00</subfield>
    <subfield code="v">296.25</subfield>
    <subfield code="w">2021-07-16</subfield>
    <subfield code="y">BK</subfield>
  </datafield>
  <datafield tag="952" ind1=" " ind2=" ">
    <subfield code="0">0</subfield>
    <subfield code="1">0</subfield>
    <subfield code="2">ddc</subfield>
    <subfield code="4">0</subfield>
    <subfield code="7">0</subfield>
    <subfield code="8">MBA</subfield>
    <subfield code="a">AIMIT</subfield>
    <subfield code="b">AIMIT</subfield>
    <subfield code="d">2009-11-06</subfield>
    <subfield code="g">395.00</subfield>
    <subfield code="i">Bill no:A000185; Bill dt:2009-10</subfield>
    <subfield code="l">0</subfield>
    <subfield code="o">658.001 MITD</subfield>
    <subfield code="p">MBA06903</subfield>
    <subfield code="r">2026-05-23 00:00:00</subfield>
    <subfield code="v">296.25</subfield>
    <subfield code="w">2021-07-16</subfield>
    <subfield code="y">BK</subfield>
  </datafield>
  <datafield tag="952" ind1=" " ind2=" ">
    <subfield code="0">0</subfield>
    <subfield code="1">0</subfield>
    <subfield code="2">ddc</subfield>
    <subfield code="4">0</subfield>
    <subfield code="7">0</subfield>
    <subfield code="8">MBA</subfield>
    <subfield code="a">AIMIT</subfield>
    <subfield code="b">AIMIT</subfield>
    <subfield code="d">2009-11-06</subfield>
    <subfield code="g">395.00</subfield>
    <subfield code="i">Bill no:A000185; Bill dt:2009-10</subfield>
    <subfield code="l">0</subfield>
    <subfield code="o">658.001 MITD</subfield>
    <subfield code="p">MBA06904</subfield>
    <subfield code="r">2026-05-23 00:00:00</subfield>
    <subfield code="v">296.25</subfield>
    <subfield code="w">2021-07-16</subfield>
    <subfield code="y">BK</subfield>
  </datafield>
  <datafield tag="952" ind1=" " ind2=" ">
    <subfield code="0">0</subfield>
    <subfield code="1">0</subfield>
    <subfield code="2">ddc</subfield>
    <subfield code="4">0</subfield>
    <subfield code="7">0</subfield>
    <subfield code="8">MBA</subfield>
    <subfield code="a">AIMIT</subfield>
    <subfield code="b">AIMIT</subfield>
    <subfield code="d">2009-11-06</subfield>
    <subfield code="g">395.00</subfield>
    <subfield code="i">Bill no:A000185; Bill dt:2009-10</subfield>
    <subfield code="l">0</subfield>
    <subfield code="o">658.001 MITD</subfield>
    <subfield code="p">MBA06905</subfield>
    <subfield code="r">2026-05-23 00:00:00</subfield>
    <subfield code="v">296.25</subfield>
    <subfield code="w">2021-07-16</subfield>
    <subfield code="y">BK</subfield>
  </datafield>
  <datafield tag="952" ind1=" " ind2=" ">
    <subfield code="0">0</subfield>
    <subfield code="1">0</subfield>
    <subfield code="2">ddc</subfield>
    <subfield code="4">0</subfield>
    <subfield code="7">0</subfield>
    <subfield code="8">MBA</subfield>
    <subfield code="a">AIMIT</subfield>
    <subfield code="b">AIMIT</subfield>
    <subfield code="d">2009-11-06</subfield>
    <subfield code="g">395.00</subfield>
    <subfield code="i">Bill no:A000185; Bill dt:2009-10</subfield>
    <subfield code="l">0</subfield>
    <subfield code="o">658.001 MITD</subfield>
    <subfield code="p">MBA06906</subfield>
    <subfield code="r">2026-05-23 00:00:00</subfield>
    <subfield code="v">296.25</subfield>
    <subfield code="w">2021-07-16</subfield>
    <subfield code="y">BK</subfield>
  </datafield>
  <datafield tag="952" ind1=" " ind2=" ">
    <subfield code="0">0</subfield>
    <subfield code="1">0</subfield>
    <subfield code="2">ddc</subfield>
    <subfield code="4">0</subfield>
    <subfield code="7">3</subfield>
    <subfield code="8">MBA</subfield>
    <subfield code="a">AIMIT</subfield>
    <subfield code="b">AIMIT</subfield>
    <subfield code="d">2009-11-06</subfield>
    <subfield code="g">395.00</subfield>
    <subfield code="i">Bill no:A000185; Bill dt:2009-10</subfield>
    <subfield code="l">0</subfield>
    <subfield code="o">658.001 MITD</subfield>
    <subfield code="p">MBA06907</subfield>
    <subfield code="r">2025-07-21 00:00:00</subfield>
    <subfield code="v">296.25</subfield>
    <subfield code="w">2021-07-16</subfield>
    <subfield code="y">BK</subfield>
  </datafield>
</record>
